| 000 | 01711nam a22002057a 4500 | ||
|---|---|---|---|
| 999 |
_c63515 _d63515 |
||
| 003 | Ge_BSU | ||
| 005 | 20251021210446.0 | ||
| 008 | 251021s1985 ge ||||| |||| 00| 0 geo d | ||
| 041 | _ageo | ||
| 080 | _a330(479.223) ა-27 | ||
| 245 |
_aადგილობრივი მეურნეობის განვითარება აჭარის ასსრ-ში : _bVI / _cრედაქტორი: კონსტანტინე ღლონტი; საქართველოს სსრ მეცნიერებათა აკადემია. ბათუმის ნ. ბერძენიშვილის სახელობის სამეცნიერო-კვლევითი ინსტიტუტი. |
||
| 264 |
_aთბილისი : _bმეცნიერება, _c1987. |
||
| 300 |
_a96 გვ.; _b20 სმ. |
||
| 520 | _aსტატიების ბოლოს რეზიუმე რუს. ენაზე. | ||
| 653 | _aადგილობრივი მეურნეობის განვითარება აჭარის ასსრ-ში | ||
| 653 | _aაჭარის სოციალურ-ეკონომიკური პრობლემები | ||
| 700 |
_aღლონტი, კონსტანტინე _eრედაქტორი _925875 |
||
| 710 |
_aსაქართველოს სსრ მეცნიერებათა აკადემია. _bბათუმის ნ. ბერძენიშვილის სახელობის სამეცნიერო-კვლევითი ინსტიტუტი. _926096 |
||
| 942 |
_2udc _cᲬᲘᲒᲜᲘ |
||